| 000 | 00801nam a2200289Ia 4500 | ||
|---|---|---|---|
| 005 | 20260324141003.0 | ||
| 008 | 008 260324s9999 xx 000 0 eng d | ||
| 020 | _a9780429431555 | ||
| 037 | _aEBOOK | ||
| 040 | _aCRL | ||
| 040 | _beng | ||
| 040 | _cCRL | ||
| 041 | _2eng | ||
| 041 | _aeng | ||
| 084 | _qCRL | ||
| 100 |
_aPeter Flora; Philip R. De Jong; Julian Le Grand; Jun-Young Kim _91206490 |
||
| 245 | 4 | _aThe State and Social Welfare, 1997 | |
| 245 | 0 | _bInternational Studies on Social Insurance and Retirement, Employment, Family Policy and Health Care | |
| 260 | _bTaylor and Francis | ||
| 260 | _c1998 | ||
| 365 | _a | ||
| 365 | _b205 | ||
| 856 | _uhttp://www.taylorfrancis.com/books/9780429431555 | ||
| 942 | _cEBOOK | ||
| 999 |
_c1809118 _d1809118 |
||